00221nam a2200097Ia 4500008004100000041000800041082001500049100002200064245002800086260000900114240625s9999 xx 000 0 und d aeng a302.35 ROB aROBBINS STEPHEN P aORGANIZATIONAL BEHAVIOR c2013